000 00311nam a2200145Ia 4500
100 _aVlasov/G.D
650 _aChemistry
942 _cBK
654 _aWood working
245 _aTechnology of Wood Working
260 _bHigher School Publishing House
082 _a684
300 _a496
546 _aENGLISH
999 _c23294
_d23294